00863nam a22002657a 45000010005000000030006000050050017000110080041000280200018000690400029000870500018001160820010001341000023001442450061001672600042002283000052002704900015003225050008003375200120003455210029004655210020004946500031005146500028005457000024005737094FISKH20250825135355.0250620b cb ||||| |||| 00| 0 eng d a9781606945131 aFISKHbengcFISKHdFISKH aQC90.6 .K3687 a530.8 aKarapetkova, Holly aTeaspoons, tablespoons, and cups /cBy Holly Karapetkova aFlorida :bRourke Publishing ,c2010. a24 pages : bcolor illustrations ;c21 x21 cm . aMeasuring  aD  aSimple sentences and illustrated repetitive text will introduce early learners to teaspoons, tablespoons, and cups.8 a160 bLexile estimate 8 aD bRaz-Plus  aInformationalvNon-fiction aExpositoryvNon-fiction aGreve, MegeEditor